Deti ako výzva
Salvato in:
| Autore principale: | |
|---|---|
| Altri autori: | |
| Natura: | Libro |
| Lingua: | slovacco |
| Pubblicazione: |
Bratislava
Adlerovská psychoterapeutická spoločnosť
2012
|
| Edizione: | 2. vyd. |
| Soggetti: | |
| Tags: |
Nessun Tag, puoi essere il primo ad aggiungerne!!
|
MARC
| LEADER | 00000nam a2200000 4500 | ||
|---|---|---|---|
| 001 | 0182768 | ||
| 005 | 20240314094237.8 | ||
| 020 | |a 978-80-970869-0-9 | ||
| 041 | 0 | |a slo | |
| 044 | |a SK | ||
| 245 | 1 | 0 | |a Deti ako výzva |c Rudolf Dreikurs, Vicki Soltzová |
| 250 | |a 2. vyd. | ||
| 264 | 1 | |a Bratislava |b Adlerovská psychoterapeutická spoločnosť |c 2012 | |
| 300 | |a 293 s. | ||
| 610 | 2 | 0 | |a deti |
| 610 | 2 | 0 | |a výchova |
| 610 | 2 | 0 | |a rodina |
| 610 | 2 | 0 | |a psychológia |
| 100 | 1 | |a Dreikurs, Rudolf | |
| 700 | 1 | |a Soltzová, Vicki | |